IFM Opac

SOCIAL SECURITY AND TAXATION (Record no. 14971)

MARC details
000 -LEADER
fixed length control field 00346nam a22001337a 4500
020 ## - INTERNATIONAL STANDARD BOOK NUMBER
International Standard Book Number 9284330025
082 ## - DEWEY DECIMAL CLASSIFICATION NUMBER
Classification number 331.252SOC
245 ## - TITLE STATEMENT
Title SOCIAL SECURITY AND TAXATION
260 ## - PUBLICATION, DISTRIBUTION, ETC.
Place of publication, distribution, etc. GENEVA
Name of publisher, distributor, etc. INTERNATIONAL SOCIAL SECURITY ASSOCIATION
Date of publication, distribution, etc. 1978
300 ## - PHYSICAL DESCRIPTION
Extent -130-P
Other physical details ILL,:25CM
490 ## - SERIES STATEMENT
Series statement NO.13
650 ## - SUBJECT ADDED ENTRY--TOPICAL TERM
Topical term or geographic name entry element SOCIAL SECURITY AND TAXATION
942 ## - ADDED ENTRY ELEMENTS (KOHA)
Koha item type Books
Holdings
Withdrawn status Lost status Source of classification or shelving scheme Damaged status Not for loan Home library Current library Shelving location Date acquired Full call number Barcode Date last seen Price effective from Koha item type
    Dewey Decimal Classification     IFM Main Campus Library IFM Main Campus Library   01/26/2016 331.252SOC 0000000762 01/26/2016 01/26/2016 Books